Hospodářské noviny vydávány od c.k. vlastensko-hospodářské Společnosti v království Českém

Podrobná bibliografia
Predchádzajúci názov:Týdeník pro polní, letní a domácí hospodářství ku prospěchu stavu rolnického
Médium: Časopis
Jazyk:čeština
Fyzický popis:23 zv. 26 cm
Vydavateľské údaje: Praha Bedřich Rohlíček 1854-1876
ISSN:2336-6117
2336-6109
Predmet:

MARC

LEADER 00000cas a2200000 a 4500
001 vtls009180796
003 SK-MaSNL
005 20260228161125.0
008 080205d18541876xr wr p 0 b0cze c
022 |a 2336-6117 
035 |a (SVKBB)vtls000282322 
040 |a SVKBB  |b slo  |c SVKBB  |d SNK  |e AACR2 
041 0 |a cze 
044 |a xr  |c CZ 
072 7 |a 64  |x Domáce hospodárstvo  |2 konspekt 
080 |a (051)-027.561  |2 2011 
080 |a 050  |2 2011 
080 |a 64  |2 2001 
245 0 0 |a Hospodářské noviny  |b vydávány od c.k. vlastensko-hospodářské Společnosti v království Českém 
260 |a Praha  |b Bedřich Rohlíček  |c 1854-1876  |e Praha  |f Tisk Kat. Jeřábkové 
300 |a 23 zv.  |c 26 cm 
310 |a 1x týždenne 
362 0 |a Roč. 5, číslo 1 (1854)-roč. 27(8) (1876)  |z NKP 
500 |a Ročnikovanie pokračuje z predchádzajúceho titulu 
650 0 7 |a domáce hospodárstvo  |2 SNKPH  |9 2073 
655 7 |a odborné časopisy  |2 SNKPH  |9 70505 
700 1 |a Kodym, F. S.  |4 red  |9 268029 
780 0 0 |t Týdeník pro polní, letní a domácí hospodářství ku prospěchu stavu rolnického  |x 2336-6109 
852 |a Štátna vedecká knižnica v Banskej Bystrici 
910 |a snk 
999 |c 4403  |d 6333 
952 |0 0  |1 1  |4 0  |7 0  |8 1  |a SNK  |b SNK  |d 2006-02-20  |i snkD 543/75  |l 0  |o snkČB 3957/10/1859  |p 17A0498834  |r 2026-02-21 19:47:06  |t č. 1-52, neúplné  |w 2026-02-21  |y PREZ  |z Chýba č. 17, 18